|
|
|
|
| LEADER |
00000caa a22000002c 4500 |
| 001 |
1645851125 |
| 003 |
DE-627 |
| 005 |
20220616123200.0 |
| 007 |
tu |
| 008 |
160405s2006 xx ||||| 00| ||fre c |
| 035 |
|
|
|a (DE-627)1645851125
|
| 035 |
|
|
|a (DE-576)466702655
|
| 035 |
|
|
|a (DE-599)BSZ466702655
|
| 040 |
|
|
|a DE-627
|b ger
|c DE-627
|e rakwb
|
| 041 |
|
|
|a fre
|
| 084 |
|
|
|a 0
|2 ssgn
|
| 100 |
1 |
|
|0 (DE-588)1043166033
|0 (DE-627)770183166
|0 (DE-576)173592872
|4 aut
|a Maître, Jacques
|d 1925-2013
|
| 109 |
|
|
|a Maître, Jacques 1925-2013
|
| 245 |
1 |
0 |
|a Ruminations d'un dinosaure
|
| 264 |
|
1 |
|c 2006
|
| 336 |
|
|
|a Text
|b txt
|2 rdacontent
|
| 337 |
|
|
|a ohne Hilfsmittel zu benutzen
|b n
|2 rdamedia
|
| 338 |
|
|
|a Band
|b nc
|2 rdacarrier
|
| 652 |
|
|
|a AD
|
| 689 |
0 |
0 |
|d u
|0 (DE-588)1050653912
|0 (DE-627)78461105X
|0 (DE-576)261382764
|a Archives de sciences sociales des religions
|2 gnd
|
| 689 |
0 |
1 |
|q z
|2 gnd
|a Geschichte 1956-2006
|
| 689 |
0 |
|
|5 (DE-627)
|
| 773 |
0 |
8 |
|i In
|t Archives de sciences sociales des religions
|d Paris : Ed. de l'Ecole des Hautes Etudes en Sciences Sociales, 1973
|g 51(2006), 136, Seite 63-65
|w (DE-627)129402478
|w (DE-600)186759-3
|w (DE-576)014784270
|x 0335-5985
|7 nnas
|
| 773 |
1 |
8 |
|g volume:51
|g year:2006
|g number:136
|g pages:63-65
|
| 776 |
1 |
|
|o 10.4000/assr.3816
|
| 935 |
|
|
|a mteo
|
| 951 |
|
|
|a AR
|
| ELC |
|
|
|b 1
|
| ITA |
|
|
|a 1
|t 1
|
| LOK |
|
|
|0 000 xxxxxcx a22 zn 4500
|
| LOK |
|
|
|0 001 3315863717
|
| LOK |
|
|
|0 003 DE-627
|
| LOK |
|
|
|0 004 1645851125
|
| LOK |
|
|
|0 005 20160405150148
|
| LOK |
|
|
|0 008 160404||||||||||||||||ger|||||||
|
| LOK |
|
|
|0 040
|a DE-Tue135
|c DE-627
|d DE-Tue135
|
| LOK |
|
|
|0 092
|o n
|
| LOK |
|
|
|0 852
|a DE-Tue135
|
| LOK |
|
|
|0 852 1
|9 00
|
| LOK |
|
|
|0 935
|a ixzs
|a ixmi
|
| LOK |
|
|
|0 936ln
|0 1442043016
|a AD
|
| LOK |
|
|
|0 939
|a 04-04-16
|b l01
|
| ORI |
|
|
|a SA-MARC-ixtheoa001.raw
|
| REF |
|
|
|a Religionsgeschichte
|
| REL |
|
|
|a 1
|
| STA |
0 |
0 |
|a Archives de sciences sociales des religions
|
| SUB |
|
|
|a REL
|
| SYG |
0 |
0 |
|a Archives de sociologie des religions
|
| TIM |
|
|
|a 100019560101_100020061231
|b Geschichte 1956-2006
|